Sports Quiz

Random Sports or Baseball Quiz
Score 0/26 Timer 05:00
0 Plays Today
WAR Player % Correct
7.3Albert Pujols
91.8%
8.0Josh Hamilton
83.4%
6.0Carlos Gonzalez
81.6%
5.3Adrian Gonzalez
81.6%
6.2Miguel Cabrera
79%
7.4Joey Votto
77.5%
6.4Robinson Cano
74.4%
5.1Joe Mauer
74.4%
6.4Troy Tulowitzki
67.3%
6.9Evan Longoria
64.2%
5.2Chase Utley
63.7%
6.9Matt Holliday
61.4%
6.9Jose Bautista
60.9%
WAR Player % Correct
6.9Carl Crawford
59.8%
7.1Adrian Beltre
59.3%
7.3Ryan Zimmerman
54.5%
5.1Dan Uggla
46.3%
5.3Brian McCann
44.5%
5.6Shin-Soo Choo
40.9%
5.7Aubrey Huff
39.4%
5.1Stephen Drew
35.5%
6.0Kelley Johnson
35.3%
5.3Jay Bruce
33.5%
5.4Brett Gardner
31.7%
6.1Rickie Weeks
30.7%
6.0Andres Torres
28.4%
Remove Ads.
Support Sporcle.
Get the best of Sporcle when you Go Orange. This ad-free experience offers more features, more stats, and more fun while also helping to support Sporcle. Thank you for becoming a member.

You're not logged in!

Compare scores with friends on all Sporcle quizzes.
OR
Log In

Show Comments

Extras

Top Quizzes Today


Score Distribution

Your Account Isn't Verified!

In order to create a playlist on Sporcle, you need to verify the email address you used during registration. Go to your Sporcle Settings to finish the process.

Report this User

Report this user for behavior that violates our Community Guidelines.

Details: